| 000 | 01325nam a22003497a 4500 | ||
|---|---|---|---|
| 003 | CHAP | ||
| 005 | 20220329140352.0 | ||
| 008 | 971013s r 00010 d | ||
| 010 | _a51004 | ||
| 011 | _a51976 | ||
| 035 | _a56126 | ||
| 040 | _cCHAP | ||
| 082 |
_a636.4 _bP65 |
||
| 100 | 0 | 0 |
_aPolanco Jaime, Alejandro. _990194 |
| 245 | _aIndice de investigaciones sobre la fisiología reproductiva del verraco 1962-1963 | ||
| 260 |
_a(s.l.) : _bInstituto Nacional de Inseminación Artificial y Reproducción Animal, _c(s.a.) |
||
| 300 | _a142 h. | ||
| 590 |
_aBATCH-UPD _b10 _c20130110 _lUCH01 _h0105 |
||
| 590 |
_aBATCH-UPD _b10 _c20130110 _lUCH01 _h0627 |
||
| 590 |
_aBATCH-UPD _b10 _c20130409 _lUCH01 _h2055 |
||
| 590 |
_aBATCH-UPD _b10 _c20130410 _lUCH01 _h0800 |
||
| 590 |
_aBATCH-UPD _b10 _c20130914 _lUCH01 _h1521 |
||
| 590 |
_aCONVERSION _b10 _c20130109 _lUCH01 _h1328 |
||
| 650 | 1 | 4 |
_aGanado porcino _xAnatomía y fisiología. _945332 |
| 650 | 1 | 4 |
_aGanado porcino _xBibliografía. _945339 |
| 650 | 1 | 4 |
_aGanado porcino _xInseminación artificial. _945376 |
| 650 | 1 | 4 |
_aGanado porcino _xReproducción. _945403 |
| 710 | 0 |
_aInstituto Nacional de Inseminación Artificial y Reproducción Animal. México. _959311 |
|
| 901 | _aBK | ||
| 942 | _cLIBRO | ||
| 949 |
_a636.4 P65 _bBC _cC _d33724000618088 _eC _h61723 _i56126 _mD.Zootecnia _si |
||
| 999 |
_c51004 _d51004 |
||